000 00600nam a2200193Ia 4500
001 19011
003 GE_BSU
008 181216s||||||||xx |||||||||||||| ||und||
040 _cGE_BSU
245 _aДипломатическая служба. №3 2016.
245 _bНаучно-практический журнал
245 _cГл. ред. Винокуров владимир иванович
260 _aMосква.
260 _c2016
300 _a73стр.ил,29сm
653 _aДипломатическая служба
653 _aპერიოდიკა
942 _cCR
999 _c52007
_d52007